Statistiken für World-Rugby-Weltrangliste

Klicken Sie hier um das Quiz zu spielen!

Allgemein

  • Dieses Quiz wurde 203 mal gespielt
    (104 seit der letzten Aktualisierung)
  • Das Durchschnittsergebnis liegt bei 15 aus 20

Antwortstatistiken

RangPunkteLand% Korrekt
9.77,48Australien
97%
2.90,57Irland
97%
3.89,80Neuseeland
95%
5.85,46England
94%
4.87,81Frankreich
91%
6.83,43Schottland
91%
1.94,54Südafrika
91%
17.67,94Vereinigte Staaten
91%
8.80,64Wales
91%
7.80,68Argentinien
80%
11.75,93Italien
80%
10.76,38Fidschi
78%
12.74,27Japan
78%
20.62,86Spanien
69%
16.71,57Tonga
66%
15.72,23Samoa
65%
13.72,78Portugal
53%
18.67,39Uruguay
48%
19.63,28Rumänien
43%
14.72,68Georgien
34%

Verteilung der Resultate

Perzentil nach korrekt beantworteten Fragen

Anzahl Personen mit jedem Resultat

Ihre Resultats-Entwicklung

Sie haben dieses Quiz seit der letzten Aktualisierung nicht gespielt